| 000 | 01409nam2a22002891 4500 | ||
|---|---|---|---|
| 001 | rc\3970610 | ||
| 005 | 20250611042108.0 | ||
| 010 |
_bВ пер. _d32 р. 50 к. _96000 |
||
| 021 |
_aRU _b[49-36598] |
||
| 035 | _a(NLR Aleph) 008055779 | ||
| 090 |
_a8970988 _c8970988 |
||
| 100 | _a20130415d1949 |||y0rusy50 ca | ||
| 101 | 0 | _arus | |
| 102 | _aRU | ||
| 105 | _ay eg ||||| | ||
| 200 | 0 |
_aТ. 2-3 _f[подгот. к печати и ред. Ю.И. Масанов] |
|
| 210 |
_d1949 _aБ. м. |
||
| 215 |
_aVII с., 836 стб. _d18 |
||
| 461 | 0 |
_1001rc\3970609 _12001#$aСловарь псевдонимов русских писателей, ученых и общественных деятелей$eв 3-х томах$fИ.Ф. Масанов$vТ. 2-3 _98970983 _aМасанов, И. Ф. (1874-1945) _cМосква _d1941-1949 _fИ.Ф. Масанов _nИздательство и типография Всесоюзной книжной палаты _oв 3-х томах _p2 т. _tСловарь псевдонимов русских писателей, ученых и общественных деятелей _vТ. 2-3 |
|
| 702 | 1 |
_aМасанов _bЮ. И. _f1911-1965 _gЮрий Иванович _4340 |
|
| 801 | 0 |
_aRU _bNLR _c20130415 _gpsbo |
|
| 801 | 1 |
_aRU _bELAR _c20130415 _2rusmarc |
|
| 801 | 2 |
_aRU _bNLR _c20170127 _2rusmarc |
|
| 852 |
_aNLR _j620/М31 |
||
| 852 |
_aNLR _jКр1/3634 (2) |
||
| 942 | _cBOOK | ||
| 980 | _aNB | ||